El reto de la gestacin̤ subrogada luces y sombras /

Detalles Bibliográficos
Autor principal: Lasarte Alvarez, Carlos
Otros Autores: Jimňez Muǫz, Francisco Javier
Formato: eBook
Lenguaje:español
Publicado: Madrid: Dykinson, 2021
Materias:
Acceso en línea:Acceso restringido

MARC

LEADER 00000nam a22000007a 4500
005 20220613221934.0
007 cr|||| |||
008 220613s2021 es |||||s|||| 00||0 spa d
020 |a 978-84-1377-552-4 
035 |a 35597 
040 |a vLex 
090 |c 13418  |d 13418 
100 1 |a Lasarte Alvarez, Carlos 
245 1 2 |a El reto de la gestacin̤ subrogada  |h [Recurso electrn̤ico] :  |b luces y sombras /  |c Carlos Lasarte Alvarez, Francisco Javier Jimňez Muǫz 
256 |a Servicio en ln̕ea 
260 |a Madrid:  |b Dykinson,  |c 2021 
300 |a 1 recurso electrn̤ico 
506 1 |a Disponible solo en los productos indicados  |d vLex Global  |d vLex Global (Academic Edition, excluding Law Schools)  |d vLex Global (U.S. Academic Edition, Law Schools)  |d vLex Global (U.S. Academic Edition, excluding Law Schools)  |d vLex Global (Academic Edition, Law Schools) 
650 0 4 |a Derecho Civil  |z Espaą 
700 1 |a Jimňez Muǫz, Francisco Javier 
740 0 |a vLex Libros (Servicio en ln̕ea) 
856 4 0 |u https://app.vlex.com/#/sources/35597  |z Acceso restringido 
942 |c BOOK 
999 0 |a Civil Law